000 00899naa a22002657a 4500
001 BR8302217
003 BR-BrBNA
005 20240918175233.0
007 ta
008 230509b bl.||||| |||| 00| 0 por d
040 _aBR-BrBNA
_bpor
_cBiblioteca Nacional de Agricultura
041 _a(Pt)
072 _aF60
_b3801
090 _aF60 BR8302217
100 1 _aMalavolta, E.
245 1 _aNocoes de nutricao mineral de plantas [nutriente, absorcao, raiz]
260 3 _aLondrina, PR (Brasil):
_c1983.
500 _aCurso de atualizacao em fertilidade do solo Londrina, PR (Brasil): 1983. p. 147-173 (BR8302217-AM)F60
650 _aNUTRIENTE MINERAL
650 _aABSORCAO
650 _aEXIGENCIA NUTRICIONAL
773 0 _tCurso de atualizacao em fertilidade do solo
_wF60 BR8302217
_gLondrina, PR (Brasil), 1983. p. 147-173
909 _a202404
_bLucia
_c55
_dLucia Elande
942 _cAM
_2AGRIS
999 _c315809
_d315809